00337nam a2200121Ia 4500003000400000008004100004040001600045082001800061245006200079260005800141300001100199490000500210GCL140319s9999 xx 000 0 ara d aGCL / cGCL04a345.05bح ح10aالحديث فى النقد الجنائى (1976_1984) a[S.N] : bالمكتبة القانونية ، c1985 a484 ص a